Villes les plus peuplées de l'Aveyron 12 - Statistiques

Statistiques générales
  • Ce quiz a été pris 242 fois
  • Le résultat moyen est 8 sur 15
Statistiques - réponses
Population Ville % Correct
24 397 Rodez
100%
21 482 Millau
95%
11 681 Villefranche-de-Rouergue
78%
8 018 Saint-Affrique
74%
5 196 Decazeville
73%
11 797 Onet-le-Château
70%
4 643 Espalion
60%
3 158 Baraqueville
55%
3 471 Olemps
40%
5 962 Luc-la-Primaube
39%
3 640 Aubin
24%
4 400 Capdenac-Gare
22%
3 330 Sébazac-Concourès
18%
4 079 Sévérac d'Aveyron
18%
3 196 Druelle Balsac
11%
Aucun quiz correspondant
Distribution des résultats
% des personnes avec chaque résultat
Percentile par nombre de réponses
Votre historique - résultats
Vous n’avez pas pris ce quiz